| 000 | 00611nmm a2200205Ia 4500 | ||
|---|---|---|---|
| 008 | 251105s9999||||xx |||||||||||||||||und|| | ||
| 020 | _a9788417167868 | ||
| 041 | _aspa | ||
| 100 | _aTamaki, Mariko | ||
| 245 | 0 | _aLeñadoras. El poder del unicornio | |
| 264 |
_a[Madrid, España] : _bRoca Editorial, _c[Fecha de publicación no identificada] |
||
| 300 | _a0 páginas | ||
| 490 | _aRoca Juvenil | ||
| 650 | _aTeen & Young Adult Fiction | ||
| 700 | _aTamaki, Mariko | ||
| 700 | 1 | _a Allen, Brooklyn | |
| 700 | 1 | _a Pellisa, Inga | |
| 856 | _uhttps://public.digitaliapublishing.com/a/82106 | ||
| 942 | _cCF | ||
| 999 |
_c71852 _d71852 |
||